El Lazarillo de Tormes ; A propósito de Lazarillo de Tormes / (Registro nro. 11073)

Detalles MARC
000 -LIDER
fixed length control field 01189nam a2200313 a 4500
003 - IDENTIFICACDOR DE NÚMERO DE CONTROL
control field DO-SdBNP
005 - DATE AND TIME OF LATEST TRANSACTION
control field 20240719125809.0
008 - ELEMENTOS DE LONGITUD FIJA
fixed length control field 081127s1994 ck a 000 0 spa d
020 ## - ISBN
International Standard Book Number 9580469679
040 ## - FUENTE DE CATALOGACIÓN
Agencia que crea de manera original el registro BPMSU
Idioma de catalogación spa
Agencia que realiza la transcripción BPMSU
082 #4 - NÚMERO DE CLASIFICACIÓN DECIMAL DE DEWEY
Classification number 863.3
Item number G643l 2006
Edition number 22
100 1# - ASIENTO PRINCIPAL -- NOMBRE PERSONAL
Nombre personal González Mejía, Conrado
245 13 - MENCIÓN DE TITULO
Título El Lazarillo de Tormes ; A propósito de Lazarillo de Tormes /
Mención de responsabilidad versión Conrado González Mejía, Luis González Guzmán
246 13 - VARIACION DEL TÍTULO
Título propiamente dicho o título corto A propocito de la novela picaresca
250 ## - MENCIÓN DE EDICION
Mención de edición
260 ## - PUBLICACIÓN, DISTRIBUCIÓN, ETC. (PIE DE IMPRENTA)
Lugar de publicación, distribución, etc Bogotá :
Nombre del editor, distribuidor, etc. Grupo Editorial Norma ,
Fecha de publicación, distribución, etc 1994.
300 ## - DESCRIPCIÓN FÍSICA
Extensión 69, 34 p.;
Dimensiones 19 cm.
Otros detalles físicos
490 0# - MENCIÓN DE SERIES
Mención de serie Cara cruz
500 ## - NOTA GENERAL
Nota general Incluye referencias bibliográficas y notas al pie de las páginas
505 0# - NOTA DE CONTENIDO
Título Tratado primero. Cuenta Lázaro su vida, y de cuyo hijo fué --
563 ## - INFORMACIÓN DE LA ENCUADERNACIÓN
Nota de la encuadernación Dos obras encuadernadas juntas con paginación invertidas
590 ## - NOTA LOCAL
Texto de la nota local Inventariado, 2024/VM
650 #4 - ENCABEZAMIENTO DE MATERIA--TEMÁTICO
Término temático o nombre geográfico como elemento de entrada Novela española
650 #4 - ENCABEZAMIENTO DE MATERIA--TEMÁTICO
Término temático o nombre geográfico como elemento de entrada Literatura picaresca española
Subdivisión temática general Historia y crítica.
700 1# - ASIENTO SECUNDARIO -- NOMBRE PERSONAL
Nombre personal González Guzmán, Luis
Mención de responsabilidad versión
Títulos u otras palabras asociadas con el nombre
740 #4 - ASIENTO SECUNDARIO DE TÍTULOS RELACIONADOS O ANALÍTICOS NO CONTROLADOS
Título analítico o relacionado no controlado A propósito de Lazarillo de Tormes
910 ## - VALIDACIÓN
Validación Vmateo V. Control de calidad. BPMSU
942 ## - ADDED ENTRY ELEMENTS (KOHA)
Source of classification or shelving scheme Dewey Decimal Classification
Koha item type Libros
Existencias
Withdrawn status Lost status Source of classification or shelving scheme Damaged status Not for loan Collection code Home library Current library Date acquired Source of acquisition Total Checkouts Full call number Barcode Date last seen Price effective from Koha item type
    Dewey Decimal Classification     Colección Juvenil General Biblioteca Pública Metropolitana Salomé Ureña Biblioteca Pública Metropolitana Salomé Ureña 08/02/2016 SELLAR   BPMSU CJG 863.3 G643l 1994 BPMSU16080018 08/02/2016 08/02/2016 Libros